000 00658nam a2200217 a 4500
999 _c5385
_d5385
001 5385
003 BD-JhCC
005 20171213184152.0
008 171213s1966 bg |||| ||a| 00| 0 ben d
035 _a(BD-JhCC)5385
040 _aBD-JhCC
_dBD-JhCC
041 _aben
082 _a920
_bHAM 1966
100 _aহামিদ, এম, এ
245 _aকর্মবীর সেরাজুল হক /
_cএম, এ হামিদ
260 _aপূর্ব পাকিস্তান :
_bআমাদের দেশ প্রকাশনী,
_c1966.
300 _a240 p. :
_c9 cm.
650 _aBiography
942 _2ddc
_cBK